Word Ladder: Seed Spitting Contest Quiz Stats

 Plays Quiz Updated Mar 3, 2016

Also try: Word Ladder: Fruit
Challenge
Share
Tweet
Embed
Score 0/23 Timer 03:00
3 Plays Today
Hint 4-Letter Word % Correct
Perceive with the earHEAR
96.3%
It can be full, crescent, or newMOON
96.1%
• Breakfast, lunch, or dinner, e. g. •• MEAL •
95.9%
To alleviate injury or illnessHEAL
94.4%
Physical discomfortPAIN
94.2%
Mathematical averageMEAN
94.1%
Small chess piecePAWN
93.9%
• Darn kids, get off my ____! •• LAWN •
93.3%
Sound of pain or griefMOAN
93.1%
PrecipitationRAIN
92.8%
Not thereHERE
92.3%
• One of the 5 'Ws' •• WHAT •
89.5%
Hint 4-Letter Word % Correct
• German for 'mister' •• HERR •
88.8%
Silly or foolish personLOON
85.5%
Sudden attackRAID
84.4%
French for 'father'PÈRE
83.3%
Had reclinedLAIN
83.2%
Particular cut of meatLOIN
82.7%
KY Senator ____ PaulRAND
80.4%
Bog productPEAT
75.6%
Cool, in '90s slangPHAT
74.1%
LivelyPERT
73.3%
• Tough outer surface •• RIND •
72.5%

Today's Daily Dose

Missing Word
Entertainment 'M'

Word Ladder
North Carolina

On This Day
January 16th II

You're not logged in!

Compare scores with friends on all Sporcle quizzes.
OR
Log In

You Might Also Like...

Show Comments

Extras

Top Quizzes Today


Score Distribution

Your Account Isn't Verified!

In order to create a playlist on Sporcle, you need to verify the email address you used during registration. Go to your Sporcle Settings to finish the process.

Report this User

Report this user for behavior that violates our Community Guidelines.

Details: